00358nam a2200145Ia 4500008004100000020001500041041001200056082001100068100001500079245006500094260002500159300000800184650000800192700001200200221030s9999 xx 000 0 und d a007Y855129 aEnglish a105.23 aJ. Millman 0aPulse, Digital & Switching Waveformscby J. Millman, H. Taub bTMHaNew Delhic1985 a958 aECE aH. Taub